Per avançar en l'educació / Marta Mata ; estudi introductori de Núria Simó i Joan Soler ; tria de textos i semblança a cura del Patronat de la Fundació Àngels Garriga de Mata
ISBN:
978-84-9766-390-8
Descripción Física:
CXVIII, 354 p. ; 20 cm
Colección:
Textos pedagògics; 48
MARC
| LEADER | 00000nam a2200000Ia 4500 | ||
|---|---|---|---|
| 001 | 23080 | ||
| 003 | BGR | ||
| 005 | 20260324175805.0 | ||
| 008 | 160829s2010 xx 000 0 cat d | ||
| 020 | |a 978-84-9766-390-8 | ||
| 080 | |a E-1-393 | ||
| 100 | 1 | |a Mata, Marta, |d 1926-2006 |9 28831 | |
| 245 | |a Per avançar en l'educació / Marta Mata ; estudi introductori de Núria Simó i Joan Soler ; tria de textos i semblança a cura del Patronat de la Fundació Àngels Garriga de Mata | ||
| 260 | |a Vic : |b Eumo, |c 2010 | ||
| 300 | |a CXVIII, 354 p. ; |c 20 cm | ||
| 490 | |a Textos pedagògics; 48 | ||
| 590 | |a Bibliografia | ||
| 650 | |a Pedagogia |x Catalunya |x Història |x S. XX |9 41422 | ||
| 650 | |a Ensenyament |x Reculls d'escrits |9 41423 | ||
| 700 | |a Simó, Núria |9 41424 | ||
| 700 | |a Soler Mata, Joan |9 41425 | ||
| 710 | 2 | |a Fundació Àngels Garriga de Mata |9 70979 | |
| 901 | |a Arxiu | ||
| 942 | |n 1 |2 udc |c MON | ||
| 952 | |0 0 |1 0 |4 0 |6 E1393 |7 1 |9 50204 |a Arxiu |b Arxiu |d 2016-12-01 |l 0 |o E-1-393 |p 23080 |r 2016-12-01 00:00:00 |w 2016-12-01 |y ARXIU | ||
| 999 | |c 54046 |d 54046 | ||